000 01651nam2a22002651 4500
001 RU\NLR\INFOCOMM29\5000124659
005 20250617133157.0
035 _a(NLR Aleph) 002632936
090 _a3717467
_c3717467
100 _a20050217d1959 |||y0rusy50 ca
101 0 _arus
102 _aRU
105 _ay ||||000|y
200 1 _aОпыт определения экономической эффективности автоматизированных линий холодной штамповки
_fГ.А. Брянский и др.
210 _d1959
_aБ. м.
225 1 _aТема 50. Методы определения эффективности внедрения новой техники и технологии производства
_v№3
461 0 _1001RU\NLR\INFOCOMM29\5000124366
_12001#$aПередовой научно-технический и производственный опыт$iЭкономика и организация производства$fАкад. наук СССР. Филиал Всесоюз. ин-та науч. и техн. информации$v1959, №О-59-12
_93716532
_cМ.
_d1958-
_fАкад. наук СССР. Филиал Всесоюз. ин-та науч. и техн. информации
_iЭкономика и организация производства
_tПередовой научно-технический и производственный опыт
_v1959, №О-59-12
700 1 _aБрянский
_bГ.А.
_4070
801 1 _aRU
_bInfoComm
_c20050217
801 0 _aRU
_bNLR
_gPSBO
852 _aNLR
_jП11/1540
942 _cISSUE
980 _aNB
980 _aRUSPER